| 000 | 00000nam 2200000za 4500 |
| 001 | 9.807911 |
| 003 | CaOODSP |
| 005 | 20221107140244 |
| 007 | cr ||||||||||| |
| 008 | 151216s2016 quc|||||o f|0| 0 fre d |
| 020 | |a9780660040356 |
| 040 | |aCaOODSP|bfre |
| 043 | |an-cn--- |
| 086 | 1 |aCW69-16/45-2016F-PDF |
| 245 | 00|aSituation des populations d'oiseaux migrateurs considérés comme gibier au Canada |h[ressource électronique]. |
| 260 | |aGatineau, Québec : |bEnvironnement Canada, |cc2016. |
| 300 | |a250 p. : |bcartes, tableaux, graphiques, figs. |
| 490 | 1 |aRapport du SCF sur la réglementation concernant les oiseaux migrateurs ; |vN° 45 |
| 500 | |aNovembre 2015. |
| 500 | |aPublié aussi en anglais sous le titre : Population status of migratory game birds in Canada. |
| 504 | |aComprend des références bibliographiques. |
| 691 | 07|aOiseau migrateur|2gcpds |
| 710 | 2 |aService canadien de la faune. |
| 775 | 08|tPopulation status of migratory game birds in Canada |w(CaOODSP)9.807906 |
| 794 | |tSituation des populations d’oiseaux migrateurs considérés comme gibier au Canada, novembre 2017 |w(CaOODSP)9.849117 |
| 830 | #0|aRapport du SCF sur la réglementation concernant les oiseaux migrateurs ;|vN° 45|w(CaOODSP)9.501537 |
| 856 | 40|qPDF|s6.71 Mo|uhttps://publications.gc.ca/collections/collection_2016/eccc/CW69-16-45-2016-fra.pdf |